000 00645nam a22002297a 4500
003 UA-OsUOA
001 119745
007 ta
008 20161115b un ||||| |||| 00| 0 ukr d
090 _a7.071.1:75(477)(084)
_bП32
942 _cBK
040 _aUA-OsUOA
_bukr
_cUA-OsUOA
_dUA-OsUOA
245 _aМикола Пимоненко
_bальбом
_cІ. В. Огієвська
300 _a128 с.
955 _a1
041 _aukr
080 _a7.071.1:75(477)(084)
020 _a978-966-577-184-5
260 _aК.
_bМистецтво
_c2012
650 7 _a7.0 Загальні питання мистецтва
_2UDC
999 _c405673
_d405673